000 01207nam a2200229Ia 4500
001 L888-50625
003 IT-CnALBA
008 170116s9999||||xx |||||||||||||| ||und||
040 _aIT-CnALBA
_cIT-CnALBA
041 _aITALIANO
100 _aAA. VV.
245 0 _aIL LIBRO DEI VENTIQUATTRO FILOSOFI.
250 _a1a ed.
260 _aMILANO
_bADELPHI - EDIZIONI, S.P.A.
_c1999 [1° Ed.:1999 - Ed.Ling.Originale: 1999]
300 _a150 p.
500 _aSCRITTO OSCURO MA AFFASCINANTE. CARATTERE ENIGMATICO STILE E SUGGESTIONI IMMAGINIFICHE. DOTTRINE TEOLOGICHE E PROSPETTIVE FILOSOFICHE. PLATONISMO CRISTIANO SECOLO XII. CURATORE LUCENTINI P. ORIGANE E NATURA. FORTUNA DEL LIBRO NEL MEDIOEVO. DEFINIZIONI DI
501 _aSocietà San Paolo EM - Piazza San Paolo, 14 - 12051 ALBA (CN) (non commercial uses only) ® Copyright 2017
520 _aSCRITTO OSCURO MA AFFASCINANTE. CARATTERE ENIGMATICO STILE E SUGGESTIONI IMMAGINIFICHE. DOTTRINE TEOLOGICHE E PROSPETTIVE FILOSOFICHE. PLATONISMO CRISTIANO SECOLO XII. CURATORE LUCENTINI P. ORIGANE E NATURA. FORTUNA DEL LIBRO NEL MEDIOEVO. DEFINIZIONI DI
650 _aMISCELLANEA GRECO CLASSICO-ANTOLOGIE
942 _cBK
957 _71
999 _a57149
_bNO
_g Copie: 1
_c309535
_d309535